[Event "GER-chT U16"]
[Site "Magdeburg"]
[Date "2014.12.27"]
[Round "1.3"]
[White "Hummel, Felician"]
[Black "Fabiunke, Jakob"]
[Result "1/2-1/2"]
[WhiteElo "1627"]
[BlackElo "1726"]
[PlyCount "58"]
[EventDate "2014.12.27"]
[EventType "team-swiss"]
[EventRounds "7"]
[EventCountry "GER"]
[SourceTitle "EXT 2016"]
[Source "ChessBase"]
[SourceDate "2015.10.08"]
[SourceVersion "1"]
[SourceVersionDate "2015.10.08"]
[SourceQuality "1"]
[WhiteTeam "Leipzig Turm"]
[BlackTeam "Weissensee Chemie"]
[WhiteTeamCountry "GER"]
[BlackTeamCountry "GER"]

1. d4 Nf6 2. Nf3 e6 3. e3 b6 4. Bd3 Bb7 5. Nbd2 d5 6. Qe2 Be7 7. e4 dxe4 8. Nxe4 Nbd7 9. Bd2 0-0 10. c3 c5 11. 0-0-0 cxd4 12. Nxd4 Nxe4 13. Bxe4 Bxe4 14. Qxe4 Nc5 15. Qe2 Qd5 16. Kb1 Bf6 17. Qf3 Bxd4 18. Qxd5 exd5 19. cxd4 Ne4 20. Be3 Rfe8 21. Rhe1 h6 22. Rc1 Rac8 23. Rxc8 Rxc8 24. Rc1 Rxc1+ 25. Kxc1 Kf8 26. f3 Nd6 27. b3 Nf5 28. Bf2 Ke8 29. Kc2 Kd7 1/2-1/2

[Event "Sachsen-ch U14"]
[Site "Sebnitz"]
[Date "2012.04.12"]
[Round "4"]
[White "Zimmermann, Felix"]
[Black "Hummel, Felician"]
[Result "1/2-1/2"]
[WhiteElo "1526"]
[BlackElo "1538"]
[PlyCount "94"]
[EventDate "2012.04.10"]
[EventType "swiss"]
[EventRounds "7"]
[EventCountry "GER"]
[SourceTitle "CBM 148 Extra"]
[Source "ChessBase"]
[SourceDate "2012.06.22"]
[SourceVersion "1"]
[SourceVersionDate "2012.06.22"]
[SourceQuality "1"]

1. d4 Nf6 2. c4 g6 3. Nc3 Bg7 4. Nf3 d6 5. Bf4 Nbd7 6. Qd2 0-0 7. Bh6 e5 8. Bxg7 Kxg7 9. dxe5 dxe5 10. Rd1 Qe7 11. e3 Nb6 12. Be2 Bd7 13. 0-0 Rad8 14. Qc2 Rfe8 15. Rd2 e4 16. Nd4 a6 17. Rfd1 Ng4 18. Bxg4 Bxg4 19. Nce2 c5 20. Nb3 Rxd2 21. Rxd2 Rd8 22. Rxd8 Qxd8 23. Nxc5 Nxc4 24. Nxe4 Qa5 25. N4c3 Kg8 26. h3 Be6 27. Nd4 Bd7 28. Ne4 Bf5 29. Nxf5 gxf5 30. Nf6+ Kg7 31. Qxc4 Kxf6 32. Qc3+ Qxc3 33. bxc3 Ke5 34. Kf1 h5 35. Ke2 Ke4 36. f3+ Kd5 37. Kd3 h4 38. c4+ Kc5 39. Kc3 b6 40. a3 a5 41. Kb3 f6 42. Kc3 Kc6 43. Kd4 a4 44. Kc3 Kc5 45. e4 f4 46. Kd3 Kc6 47. Kd4 Kd6 1/2-1/2

[Event "Sachsen-ch U14"]
[Site "Sebnitz"]
[Date "2012.04.10"]
[Round "1"]
[White "Hummel, Felician"]
[Black "Zaehringer, Daniel"]
[Result "1-0"]
[WhiteElo "1538"]
[BlackElo "1477"]
[PlyCount "37"]
[EventDate "2012.04.10"]
[EventType "swiss"]
[EventRounds "7"]
[EventCountry "GER"]
[SourceTitle "CBM 148 Extra"]
[Source "ChessBase"]
[SourceDate "2012.06.22"]
[SourceVersion "1"]
[SourceVersionDate "2012.06.22"]
[SourceQuality "1"]

1. d4 d5 2. Nf3 Nf6 3. e3 e6 4. Bd3 c5 5. c3 Nc6 6. 0-0 Be7 7. Nbd2 0-0 8. Qe2 cxd4 9. exd4 Qc7 10. Re1 Bd6 11. Nf1 h6 12. Ne5 Bxe5 13. dxe5 Nd7 14. Bf4 Nc5 15. Bc2 b6 16. b4 Nd7 17. Bxh6 Qxe5 18. Qd3 Qf5 19. Qg3 1-0

[Event "GER-chT U12"]
[Site "Gross Doelln"]
[Date "2010.12.29"]
[Round "5.2"]
[White "Hummel, Felician"]
[Black "Kololli, Kevin"]
[Result "0-1"]
[WhiteElo "1509"]
[BlackElo "1324"]
[PlyCount "112"]
[EventDate "2010.12.27"]
[EventType "team-swiss"]
[EventRounds "7"]
[EventCountry "GER"]
[SourceTitle "CBM 140 Extra"]
[Source "ChessBase"]
[SourceDate "2011.03.01"]
[SourceVersion "1"]
[SourceVersionDate "2011.03.01"]
[SourceQuality "1"]
[WhiteTeam "Leipzig Turm U12"]
[BlackTeam "Luebeck U12"]
[WhiteTeamCountry "GER"]
[BlackTeamCountry "GER"]

1. d4 Nf6 2. Nf3 c5 3. c3 e6 4. e3 Nc6 5. Bd3 d5 6. Nbd2 Bd7 7. 0-0 Rc8 8. Qe2 Be7 9. e4 dxe4 10. Nxe4 cxd4 11. cxd4 0-0 12. Bd2 Qb6 13. Bc3 Nd5 14. Neg5 h6 15. Nh3 Rfd8 16. Qd2 Be8 17. Nf4 Nxc3 18. bxc3 Qc7 19. Rac1 e5 20. Ne2 Qa5 21. Rfd1 f6 22. Ng3 Bf7 23. Nf5 Bf8 24. Ne3 exd4 25. cxd4 Qxd2 26. Rxd2 Nxd4 27. Rxc8 Nxf3+ 28. gxf3 Rxc8 29. Bf5 Rc7 30. Rd8 Bxa2 31. Bg6 b5 32. Rb8 b4 33. Be4 a5 34. Nd5 Rc5 35. Nf4 Kf7 36. Rb7+ Kg8 37. Rb8 Bf7 38. Kh1 a4 39. Bg6 b3 40. Be4 a3 41. Nd3 Ra5 42. Nc1 b2 43. Nb3 Bxb3 44. Rxb3 a2 45. Rxb2 a1Q+ 46. Rb1 Qd4 47. Kg2 Ra2 48. Rf1 Bc5 49. Kh3 Rxf2 50. Rb1 Rb2 51. Rf1 Qd2 52. Kg4 Qg2+ 53. Kf5 Qg5+ 54. Ke6 Qe5+ 55. Kd7 Qd6+ 56. Kc8 Rb8# 0-1